Diecisiete fábulas del Zorro

Αποθηκεύτηκε σε:
Λεπτομέρειες βιβλιογραφικής εγγραφής
Κύριος συγγραφέας: Muzi, Jean (autor)
Μορφή: Βιβλίο
Γλώσσα:Ισπανικά
Έκδοση: Bogotá Norma 1999
Έκδοση:14a. ed
Σειρά:Torre de Papel
Θέματα:
Ετικέτες: Προσθήκη ετικέτας
Δεν υπάρχουν, Καταχωρήστε ετικέτα πρώτοι!

MARC

LEADER 00000nam a2200000 a 4500
001 UCH8524
003 CL-VaPUC
008 091127e19990200CK |||||||||||||||||spa|d
020 |a 9580410089 
082 0 4 |a 843  |b MUZ  |2 21 
100 |a Muzi, Jean  |e autor  |9 545127 
245 1 0 |a Diecisiete fábulas del Zorro 
250 |a 14a. ed 
300 |a 97 p 
942 |c BK 
945 |d 20091127 00:00:00  |a lazolas 
260 |a Bogotá  |b Norma  |c 1999 
500 |a Traducido por Margarita Contreras 
500 |a Ilustrado por Triunfo Arciniegas 
650 0 |a Literatura francesa  |9 266330 
650 0 |a Literatura infantil   |9 307465 
650 7 |a FABULAS FRANCESAS  |2 CL-VaPUC  |9 312452 
583 |a last modification  |c 20091127 00:00:00  |k Rodrigo Vera 
490 0 |a Torre de Papel 
999 |c 338735  |d 338733